U.S. Government Agencies - Statistics

General Stats
  • This quiz has been taken 19,602 times
  • The average score is 10 of 20
Answer Stats
Hint Answer % Correct
Investigates major crimes FBI
99%
Explores outer space NASA
97%
Spies on other countries CIA
96%
Collects taxes IRS
81%
Regulates medicine and food FDA
73%
Runs security at airports TSA
72%
Delivers mail USPS
65%
Spies on people electronically NSA
63%
Tries to reduce the spread of disease CDC
57%
Tries to stop the illegal drug trade DEA
53%
Regulates air transit FAA
36%
Insures bank deposits FDIC
33%
Regulates stock trading SEC
33%
Regulates wireless communications FCC
32%
Distributes money to retirees SSA
32%
Monitors North American airspace NORAD
23%
Regulates business practices FTC
16%
Performs biomedical research NIH
15%
Gives grants to artists and performers NEA
11%
Compiles inflation and unemployment info BLS
8%
No matching quizzes found
Score Distribution
Percent of People with Each Score
Percentile by Number Answered
Your Score History
You have not taken this quiz